| 000 -LEADER |
| fixed length control field |
00852nam a2200253Ia 4500 |
| 001 - CONTROL NUMBER |
| control field |
20767 |
| 003 - CONTROL NUMBER IDENTIFIER |
| control field |
GE_BSU |
| 005 - DATE AND TIME OF LATEST TRANSACTION |
| control field |
20221110140036.0 |
| 008 - FIXED-LENGTH DATA ELEMENTS--GENERAL INFORMATION |
| fixed length control field |
181216s2015||||enk|||||||||||||| ||eng|| |
| 020 ## - INTERNATIONAL STANDARD BOOK NUMBER |
| International Standard Book Number |
9781137341662x |
| 040 ## - CATALOGING SOURCE |
| Transcribing agency |
GE_BSU |
| 080 ## - UNIVERSAL DECIMAL CLASSIFICATION NUMBER |
| Universal Decimal Classification number |
327(4) C-78 |
| 100 ## - MAIN ENTRY--PERSONAL NAME |
| Personal name |
Copsey, Nathaniel |
| 9 (RLIN) |
11001 |
| 245 ## - TITLE STATEMENT |
| Title |
Rethinking the European Union / |
| Statement of responsibility, etc. |
Nathaniel Copsey ; Series Editor Michael Cox. |
| 264 ## - PRODUCTION, PUBLICATION, DISTRIBUTION, MANUFACTURE, AND COPYRIGHT NOTICE |
| Place of production, publication, distribution, manufacture |
New York : |
| Name of producer, publisher, distributor, manufacturer |
Palgrave Macmillan, |
| Date of production, publication, distribution, manufacture, or copyright notice |
2015. |
| 300 ## - PHYSICAL DESCRIPTION |
| Extent |
260 p.; |
| Other physical details |
22 cm. |
| 500 ## - GENERAL NOTE |
| General note |
Bibl. : p.230-253, Index. : p.254-260 |
| 653 ## - INDEX TERM--UNCONTROLLED |
| keyword |
Rethinking the European Union |
| 653 ## - INDEX TERM--UNCONTROLLED |
| keyword |
Переосмысление Европейского Союза |
| 653 ## - INDEX TERM--UNCONTROLLED |
| keyword |
ევროკავშირის გააზრება |
| 700 ## - ADDED ENTRY--PERSONAL NAME |
| Personal name |
Cox, Michael |
| Relator term |
რედაქტორი |
| 9 (RLIN) |
11002 |
| 942 ## - ADDED ENTRY ELEMENTS (KOHA) |
| Koha item type |
წიგნი |
| Source of classification or shelving scheme |
|